International marketing / (Record no. 485)

MARC details
000 -LEADER
fixed length control field 00531cam a2200181 a 4500
020 ## - INTERNATIONAL STANDARD BOOK NUMBER
ISBN 0256139504
020 ## - INTERNATIONAL STANDARD BOOK NUMBER
ISBN 0256206821 (International student ed.)
050 00 - CALL NUMBER
Classification number HF1009.5
Item number .C35 1996
100 1# - AUTHOR
Personal name Cateora, Philip R.
245 10 - TITLE
Title International marketing /
Statement of responsibility, etc Philip R. Cateora.
250 ## - EDITION
Edition statement 9th ed.
260 ## - PUBLICATION INFORMATION
Place of publication Chicago :
Name of publisher Irwin,
Year of publication c1996.
300 ## - DESCRIPTION
Number of Pages xxiii, 770 p. :
Other physical details ill. ;
Dimensions 26 cm.
440 #4 - SERIES
SERIES The Irwin series in marketing
650 #0 - SUBJECTS
Topical Term Export marketing.
650 #0 - SUBJECTS
Topical Term International business enterprises.
942 ## - ADDED ENTRY ELEMENTS (KOHA)
Koha item type Books
Holdings
Withdrawn status Lost status Home library Current library Date acquired Full call number Koha item type Accession Number
    Methodist University Library Main Methodist University Library Main 26/10/2017 HF1009.5 .C35 1996 Books  
    Methodist University Library Wenchi Faculty Methodist University Library Wenchi Faculty 19/10/2021 HF1009.5 .C35 1996 Books 7145
Copyright © 2026  MUG Library